000 00841cas a22002055a 4500
001 ##L109965
008 070612c2003 xxkqr p 0 a0eng u
022 1 _a1479-1110
035 _a(Sirsi) u109965
041 0 _aeng
245 0 0 _aJournal of Retail and Leisure Property
260 0 0 _aLondon
_bHenry Stewart Publications
_c2003-
362 _a3(1) June 2003-
651 4 _aUnited Kingdom
690 _aPROPERTY-COMMERCIAL PROPERTY
780 0 0 _tJournal of Leisure Property
_x1471-549X
856 4 8 _uhttps://www.rics.org/profession-standards/knowledge-and-information-services
_zHow to access eJournals
856 4 8 _uhttps://search.ebscohost.com/login.aspx?direct=true&AuthType=uid&db=plh&jid=Q0A&site=eds-live
_zUse your RICS Knowledge Hub Login to access or use 'How to access ejournals' link for more information
942 _n0
_2ddc
999 _c118732
_d118732